00870nam a2200217 a 450000100100000000500170001000800410002704000250006808200200009310000240011324500410013726000450017830000270022350000750025065000280032565000310035304900090038495201180039395201240051199900170063500001132620240412074225.0091016s2004 dr a 000 p spa d aDO-SdBNPbspacBNPHU aRD861.44bS593t1 aSimo, Dennis92692910aTu, yo y el silencio /cDennis Simo. a[Santo Domingo] :bQuiñones.,c[199-]. a58 p. :bil. ;c23 cm. aIncluye datos biográficos del autor en la solapa de la contraportada 0aPoesía dominicana966 0aLiteratura dominicana.967 aBNPD 0010718PDaPDbPDcHDd2009-10-16iLF1l0oRD861.44 S593tp11326-10r2020-06-25w2020-06-25yLFPDZNo se presta 0011718PDaPDbPDcMId2011-06-06iLF1l0oRD861.44 S593tp11326-20r2020-06-25te. 2w2020-06-25yLFPDZNo se presta c11033d11033